00326nam a2200133Ia 4500003000400000008004100004040001600045082001300061100002000074245003500094700002000129260003300149300001000182GCL140319s9999 xx 000 0 eng d aGCL / cGCL04a150bD P1 aDARLEY, JOHN M.10aPSYCHOLOGY / cDARLEY, JOHN M.1 aGLUCKSBERG, SAM a[S.N] : bPRENTICE HALL, INC a676 P